[Event "Hannover Region-ch"]
[Site "Hannover"]
[Date "2016.04.23"]
[Round "7"]
[White "Kiesel, Lucas"]
[Black "Diskin, Semen"]
[Result "1-0"]
[WhiteElo "1591"]
[BlackElo "1947"]
[PlyCount "63"]
[EventDate "2016.01.16"]
[EventType "swiss"]
[EventRounds "7"]
[EventCountry "GER"]
[SourceTitle "EXT 2020"]
[Source "ChessBase"]
[SourceDate "2019.10.17"]
[SourceVersion "1"]
[SourceVersionDate "2019.10.17"]
[SourceQuality "1"]

1. Nf3 g6 2. g3 b6 3. Bg2 Bb7 4. 0-0 Bg7 5. d4 d6 6. c4 Nf6 7. Nc3 d5 8. cxd5 Nxd5 9. Qc2 e6 10. e4 Ne7 11. Bf4 c6 12. Rfd1 Qc8 13. e5 0-0 14. Ne4 Nd5 15. Qd2 Na6 16. Bh6 Qd7 17. Nf6+ Nxf6 18. exf6 Bxf6 19. Bxf8 Rxf8 20. Ne5 Qd6 21. Qf4 Be7 22. Nxc6 Bxc6 23. Qxd6 Bxd6 24. Bxc6 Nb4 25. Be4 f5 26. Bf3 Kg7 27. a3 Nd5 28. Bxd5 exd5 29. Rac1 Kf6 30. Re1 Rd8 31. Rc6 Rd7 32. Re5 1-0

[Event "Hannover Region-ch"]
[Site "Hannover"]
[Date "2016.02.13"]
[Round "4"]
[White "Diskin, Semen"]
[Black "Poschadel, Andreas Gregor"]
[Result "1-0"]
[WhiteElo "1947"]
[BlackElo "1222"]
[PlyCount "81"]
[EventDate "2016.01.16"]
[EventType "swiss"]
[EventRounds "7"]
[EventCountry "GER"]
[SourceTitle "EXT 2020"]
[Source "ChessBase"]
[SourceDate "2019.10.17"]
[SourceVersion "1"]
[SourceVersionDate "2019.10.17"]
[SourceQuality "1"]

1. d4 d5 2. Nc3 Nf6 3. f3 Bf5 4. g4 Be6 5. g5 Nfd7 6. e4 c6 7. Nge2 Nb6 8. Nf4 Qd7 9. e5 Bf5 10. Bd3 Bxd3 11. Qxd3 e6 12. a3 Be7 13. Nh5 0-0 14. 0-0 c5 15. dxc5 Bxc5+ 16. Kh1 Nc6 17. f4 a5 18. Qg3 Nd4 19. Nf6+ Kh8 20. Nxd7 Nxd7 21. Qd3 b6 22. Be3 Nxc2 23. Bxc5 Nxa1 24. Bxf8 Nxf8 25. Rxa1 Nd7 26. Rc1 Nc5 27. Qb5 Rb8 28. b4 Nb3 29. Rd1 axb4 30. axb4 d4 31. Ne4 Rd8 32. Qd3 h5 33. gxh6 gxh6 34. Qxb3 h5 35. Qh3 d3 36. Qxh5+ Kg8 37. Qg5+ Kf8 38. Qxd8+ Kg7 39. Rg1+ Kh7 40. Qg8+ Kh6 41. Qh8# 1-0

[Event "Daehne Cup Region VI"]
[Site "Hannover"]
[Date "2013.06.26"]
[Round "1"]
[White "Graue, Rainer"]
[Black "Diskin, Semen"]
[Result "0-1"]
[WhiteElo "1046"]
[BlackElo "1779"]
[PlyCount "74"]
[EventDate "2013.06.26"]
[EventType "k.o."]
[EventRounds "3"]
[EventCountry "GER"]
[SourceTitle "EXT 2022"]
[Source "ChessBase"]
[SourceDate "2021.10.06"]
[SourceVersion "1"]
[SourceVersionDate "2021.10.06"]
[SourceQuality "1"]

1. d4 d5 2. c4 e6 3. cxd5 exd5 4. Nc3 c6 5. a3 Bd6 6. Nf3 Bf5 7. e3 Nd7 8. Bd3 Bg4 9. Qc2 Qf6 10. Be2 Ne7 11. h3 Bh5 12. b4 0-0 13. Bb2 a5 14. b5 Rfe8 15. bxc6 bxc6 16. Nh2 Bg6 17. Bd3 Nf5 18. Ng4 Qg5 19. Bc1 Nxd4 20. Qd1 Bxd3 21. Qxd3 Nb3 22. Rb1 Nxc1 23. Rxc1 h5 24. Qe2 hxg4 25. Qxg4 Qxg4 26. hxg4 Bxa3 27. Rd1 Bb4 28. Ke2 Bxc3 29. Rh3 f6 30. Rdh1 Kf7 31. Rh5 a4 32. g5 a3 33. gxf6 Nxf6 34. R5h3 a2 35. Rd1 a1Q 36. Rhh1 Qa6+ 37. Kf3 Qc4 0-1

[Event "Daehne Cup Region VII"]
[Site "Hannover"]
[Date "2013.06.06"]
[Round "2"]
[White "Sendelbach, Karen"]
[Black "Diskin, Semen"]
[Result "0-1"]
[WhiteElo "1422"]
[BlackElo "1779"]
[PlyCount "50"]
[EventDate "2013.05.30"]
[EventType "k.o."]
[EventRounds "5"]
[EventCountry "GER"]
[SourceTitle "EXT 2022"]
[Source "ChessBase"]
[SourceDate "2021.10.06"]
[SourceVersion "1"]
[SourceVersionDate "2021.10.06"]
[SourceQuality "1"]

1. e4 e5 2. Nf3 c5 3. Be2 Nc6 4. c3 Nf6 5. d3 d5 6. exd5 Nxd5 7. 0-0 Be7 8. Na3 a6 9. Nc4 Qc7 10. Re1 b5 11. Ncd2 0-0 12. Qc2 Bf5 13. Ne4 Rfd8 14. b3 Rac8 15. Bb2 Nf4 16. Rad1 Qd7 17. Qd2 Qe6 18. Ng3 Bxd3 19. Bxd3 Rxd3 20. Qc2 Rcd8 21. Nd2 Qd5 22. Nge4 f5 23. c4 Qd7 24. cxb5 axb5 25. Nxc5 Qd5 0-1

[Event "Daehne Cup Region VII"]
[Site "Hannover"]
[Date "2012.06.30"]
[Round "2"]
[White "Diskin, Semen"]
[Black "Raimann, Max Guenter"]
[Result "1-0"]
[WhiteElo "1779"]
[BlackElo "2012"]
[PlyCount "53"]
[EventDate "2012.06.29"]
[EventType "k.o."]
[EventCountry "GER"]
[SourceTitle "EXT 2022"]
[Source "ChessBase"]
[SourceDate "2021.10.06"]
[SourceVersion "1"]
[SourceVersionDate "2021.10.06"]
[SourceQuality "1"]

1. d4 d5 2. c3 Bf5 3. Bf4 e6 4. Qb3 Qc8 5. e3 Nf6 6. Be2 Be7 7. h3 0-0 8. Nf3 Nbd7 9. Nh4 Be4 10. Nd2 Ne8 11. Nhf3 Bg6 12. 0-0 c5 13. c4 dxc4 14. Nxc4 Be4 15. Rac1 b6 16. a4 Qb7 17. Ncd2 Bd5 18. Bc4 Nef6 19. Rfe1 Rfd8 20. e4 Nxe4 21. Nxe4 Bxe4 22. Bxe6 Bxf3 23. Bxf7+ Kf8 24. Rxe7 c4 25. Qb4 a5 26. Re8+ Kxf7 27. Qe7+ 1-0

[Event "Hannover Region-ch"]
[Site "Langenhagen"]
[Date "2011.03.12"]
[Round "5"]
[White "Lick, Patrick"]
[Black "Diskin, Semen"]
[Result "1-0"]
[WhiteElo "2129"]
[BlackElo "1776"]
[PlyCount "55"]
[EventDate "2011.01.29"]
[EventType "swiss"]
[EventRounds "7"]
[EventCountry "GER"]
[SourceTitle "EXT 2021"]
[Source "ChessBase"]
[SourceDate "2020.10.23"]
[SourceVersion "1"]
[SourceVersionDate "2020.10.23"]
[SourceQuality "1"]

1. d4 Nf6 2. c4 e6 3. g3 Be7 4. Bg2 c5 5. Nf3 Qc7 6. 0-0 cxd4 7. Nxd4 a6 8. b3 d6 9. Bb2 0-0 10. Nc3 Nc6 11. Nxc6 bxc6 12. Na4 Bb7 13. c5 d5 14. f4 Nd7 15. Rc1 Bf6 16. e4 Bxb2 17. Nxb2 a5 18. Qc2 Ba6 19. Rfe1 Rae8 20. Qc3 dxe4 21. Rxe4 Nf6 22. Ra4 Nd5 23. Qxa5 Qxa5 24. Rxa5 Bb7 25. Ra7 Ba8 26. Nc4 Rb8 27. Bxd5 exd5 28. Nd6 1-0

[Event "Hannover Region-ch"]
[Site "Langenhagen"]
[Date "2011.03.05"]
[Round "4"]
[White "Diskin, Semen"]
[Black "Zakidyshev, Gennadiy"]
[Result "1-0"]
[WhiteElo "1776"]
[BlackElo "1970"]
[PlyCount "49"]
[EventDate "2011.01.29"]
[EventType "swiss"]
[EventRounds "7"]
[EventCountry "GER"]
[SourceTitle "EXT 2021"]
[Source "ChessBase"]
[SourceDate "2020.10.23"]
[SourceVersion "1"]
[SourceVersionDate "2020.10.23"]
[SourceQuality "1"]

1. Nf3 Nf6 2. c4 g6 3. d4 Bg7 4. Nc3 0-0 5. e3 d6 6. Be2 Nc6 7. Bd2 e5 8. d5 Ne7 9. e4 Ne8 10. Qc1 Bh8 11. Bh6 Ng7 12. Qd2 f5 13. g3 a6 14. a4 Bd7 15. Ng5 Qc8 16. h4 fxe4 17. Ncxe4 Nef5 18. h5 Nxh6 19. hxg6 Ngf5 20. gxh7+ Kg7 21. g4 Qd8 22. gxf5 Nxf5 23. Ne6+ Bxe6 24. Rg1+ Kf7 25. Ng5+ 1-0

[Event "Langenhagen-ch op"]
[Site "Langenhagen"]
[Date "2010.08.28"]
[Round "3"]
[White "Braun, Alexander"]
[Black "Diskin, Semen"]
[Result "0-1"]
[WhiteElo "1615"]
[BlackElo "1769"]
[PlyCount "122"]
[EventDate "2010.07.31"]
[EventType "swiss"]
[EventRounds "7"]
[EventCountry "GER"]
[SourceTitle "EXT 2021"]
[Source "ChessBase"]
[SourceDate "2020.10.23"]
[SourceVersion "1"]
[SourceVersionDate "2020.10.23"]
[SourceQuality "1"]

1. d4 c5 2. d5 e5 3. e4 d6 4. Nc3 a6 5. a4 b6 6. Be2 g6 7. h4 h6 8. Be3 Ne7 9. g4 Bg7 10. Qd2 Nd7 11. Nh3 Ng8 12. 0-0-0 b5 13. Rdg1 Qa5 14. b3 Nb6 15. Bxb5+ axb5 16. Nxb5 Qxd2+ 17. Bxd2 Ke7 18. f4 Bd7 19. f5 Bxb5 20. axb5 gxf5 21. gxf5 Nf6 22. Nf2 Nh5 23. Kb2 Bf6 24. Ng4 Nf4 25. Ra1 h5 26. Ne3 Ne2 27. Nc4 Nxc4+ 28. bxc4 Ng3 29. Rh3 Rxa1 30. Kxa1 Ra8+ 31. Kb2 Nxe4 32. Bg5 Ra4 33. Rb3 Nxg5 34. hxg5 Bxg5 35. b6 Ra8 36. b7 Rb8 37. Rb6 Kd7 38. Kc3 Bd8 39. Rb1 Ba5+ 40. Kd3 Kc7 41. Rh1 Rh8 42. f6 Kxb7 43. Rg1 h4 44. Rg7 h3 45. Rg1 h2 46. Rh1 Bd8 47. Ke4 Rh4+ 48. Kf3 Bxf6 49. Kg3 e4 50. Kf2 Be5 51. Ke3 Bd4+ 52. Ke2 f5 53. c3 Bxc3 54. Kf2 f4 55. Kf1 f3 56. Kf2 Bd4+ 57. Kg3 Rh8 58. Kf4 f2 59. Rf1 h1Q 60. Rxh1 Rxh1 61. Kxe4 Rh4+ 0-1